|
|
|
|
| LEADER |
00000nab a2200000 a 4500 |
| 001 |
vtls000677500 |
| 003 |
SK-MaSNL |
| 005 |
20260302191004.0 |
| 008 |
180206c1998 xo 0 slo |
| 015 |
|
|
|a SNBRB1998/11-30468
|
| 035 |
|
|
|a CLN000029669
|
| 040 |
|
|
|a SNKBUCL
|b slo
|c SNKBUCL
|e AACR2
|
| 041 |
0 |
|
|a slo
|
| 044 |
|
|
|a xo
|c SK
|
| 080 |
|
|
|a 342.7(437.6)
|2 UDC-MRF-SK2
|
| 100 |
1 |
|
|a Vlnková, Mária
|4 aut
|9 897727
|
| 245 |
1 |
0 |
|a Ciele a úlohy nového Registra obyvateľov SR, nová právna úprava hlásenia a evidovania pobytu občanov
|n (II.)
|c Mária Vlnková
|
| 300 |
|
|
|b Obr.
|
| 650 |
0 |
7 |
|a evidencia pobytu občanov
|x povinnosť ohlasovacia
|2 snkbucl
|9 905868
|
| 650 |
0 |
7 |
|a registrácia občanov
|z Slovensko
|2 snkbucl
|9 905869
|
| 655 |
|
7 |
|a články z novín a časopisov
|2 snkbucl
|9 267496
|
| 773 |
0 |
|
|t Obecné noviny
|g Roč. 8, č. 47 (1998), s. 18-19
|
| 850 |
|
|
|a Slovenská národná knižnica v Martine
|
| 852 |
|
|
|a SNK
|b KIS3GCP
|
| 958 |
|
|
|a RBX
|
| 999 |
|
|
|c 1435561
|d 1437491
|